000 00510nam a22001577a 4500
999 _c18793
_d18793
008 210212b xxu||||| |||| 00| 0 eng d
020 _a1560249528
050 _aRS92
_b.S65 1996 c.3
245 _aSocial and Behavioral Aspects of Pharmaceutical Care
_cEdited by Mickey C. Smith & Albert I. Wertheimer
260 _aNew York
_bInforma healthcare
_c1996
300 _a835p.
650 _aPharmacy
_vsocial aspects
650 _aPharmacy management
650 _aPharmacist and patient
942 _2lcc
_cBK